000
00336 a2200157 4500
001
171297
020
_a
040
_c
Magnum
100
_a
Berutti, Flávio
240
1
0
_a
Historia - atualidades - 2000
_l
por
245
1
0
_a
Historia - atualidades - 2000
362
0
_a
1899
440
1
_a
RHJ
697
_a
PARADIDATICO
942
_c
BK
999
_c
171297
_d
171297